000
00260nam a2200109Ia 4500
008
190216s9999||||xx |||||||||||||| ||und||
100
_a
Date C J
245
0
_a
Introduction To Database Systems
260
_b
Narosa Pubs House
_c
1985
300
_a
550p
942
_c
BK
999
_c
8482
_d
8482